Detalles MARC
| 000 -LEADER |
| fixed length control field |
02458nam a2200421Ii 4500 |
| 001 - CONTROL NUMBER |
| control field |
DIGTEBAR0058 |
| 003 - CONTROL NUMBER IDENTIFIER |
| control field |
NyNyDIG |
| 008 - FIXED-LENGTH DATA ELEMENTS--GENERAL INFORMATION |
| fixed length control field |
140701s2010 sp ob 000 0 spa d |
| 006 - FIXED-LENGTH DATA ELEMENTS--ADDITIONAL MATERIAL CHARACTERISTICS |
| fixed length control field |
m o d |
| 007 - PHYSICAL DESCRIPTION FIXED FIELD--GENERAL INFORMATION |
| fixed length control field |
cr ||||||||||| |
| 020 ## - INTERNATIONAL STANDARD BOOK NUMBER |
| International Standard Book Number |
9788473604352 (Tomo 2 : electronic book) |
| 020 ## - INTERNATIONAL STANDARD BOOK NUMBER |
| Canceled/invalid ISBN |
9788473602747 (Tomo 2 : pbk) |
| 020 ## - INTERNATIONAL STANDARD BOOK NUMBER |
| Canceled/invalid ISBN |
8473602749 (Tomo 2 : pbk) |
| 020 ## - INTERNATIONAL STANDARD BOOK NUMBER |
| Canceled/invalid ISBN |
8473603478 (Obra completa : pbk) |
| 020 ## - INTERNATIONAL STANDARD BOOK NUMBER |
| Canceled/invalid ISBN |
9788473603478 (Obra completa : pbk) |
| 035 ## - SYSTEM CONTROL NUMBER |
| System control number |
(OCoLC)891306472 |
| 040 ## - CATALOGING SOURCE |
| Original cataloging agency |
DGITA |
| Language of cataloging |
eng |
| Description conventions |
rda |
| -- |
pn |
| Transcribing agency |
DGITA |
| 050 14 - LIBRARY OF CONGRESS CALL NUMBER |
| Classification number |
QA501 eBook |
| 100 1# - MAIN ENTRY--PERSONAL NAME |
| Personal name |
Taibo Fernández, Ángel, |
| Relator term |
author. |
| 245 10 - TITLE STATEMENT |
| Title |
Geometría descriptiva y sus aplicaciones |
| Number of part/section of a work |
Tomo 2 |
| Name of part/section of a work |
Curvas y superficies / |
| Statement of responsibility, etc. |
Ángel Taibo Fernández. |
| 250 ## - EDITION STATEMENT |
| Edition statement |
Segunda edición. |
| 264 #1 - PRODUCTION, PUBLICATION, DISTRIBUTION, MANUFACTURE, AND COPYRIGHT NOTICE |
| Place of production, publication, distribution, manufacture |
Madrid : |
| Name of producer, publisher, distributor, manufacturer |
Editorial Tébar, |
| Date of production, publication, distribution, manufacture, or copyright notice |
2010. |
| 300 ## - PHYSICAL DESCRIPTION |
| Extent |
1 online resource (446 pages) |
| 336 ## - CONTENT TYPE |
| Content type term |
text |
| Content type code |
txt |
| Source |
rdacontent |
| 337 ## - MEDIA TYPE |
| Media type term |
computer |
| Media type code |
c |
| Source |
rdamedia |
| 338 ## - CARRIER TYPE |
| Carrier type term |
online resource |
| Carrier type code |
cr |
| Source |
rdacarrier |
| 505 0# - FORMATTED CONTENTS NOTE |
| Formatted contents note |
xiv. Curvas -- xv. Superficies -- xvi. Poliedros regulares -- xvii. Prisma y pirámide -- xviii. Cono -- xix. Desarrollo del cono -- xx. Cilindro -- xxi. Desarrollo del cilindro -- xxii. Hélice y helizoide desarrollable -- xxiii. Superficies regladas alabeadas -- xxiv. Paraboloide hiperbólico -- xxv. Superficies regladas alabeadas varias -- xxvi. Esfera -- xxvii. Superficies curvas de segundl grado -- xxviii. Superficies curvas varias -- xxix. Planos tangentes sujetos a condiciones especiales -- xxx. Intersección de superficies -- xxxi. Intersección de superficies. |
| 520 ## - SUMMARY, ETC. |
| Summary, etc. |
Edición corregida de Geometría descriptiva y sus aplicaciones de Ángel Taibo. Recomendados en numerosas facultades españolas desde hace años, los dos tomos que componen esta obra se han convertido en unos clásicos de esta disciplina. |
| 588 0# - SOURCE OF DESCRIPTION NOTE |
| Source of description note |
Online resource; title from ePub and PDF title page (Digitalia, viewed June 2, 2014) |
| 650 #0 - SUBJECT ADDED ENTRY--TOPICAL TERM |
| Topical term or geographic name entry element |
Geometry, Descriptive. |
| 655 #0 - INDEX TERM--GENRE/FORM |
| Genre/form data or focus term |
Electronic books. |
| 776 08 - ADDITIONAL PHYSICAL FORM ENTRY |
| Relationship information |
Print version: |
| Main entry heading |
Taibo Fernández, Ángel. |
| Title |
Geometría descriptiva y sus aplicaciones.Tomo 2. Curvas y superficies. |
| Place, publisher, and date of publication |
Madrid : Editorial Tébar, c2010 |
| International Standard Book Number |
9788473602747 |
| Record control number |
(OCoLC)759118358 |
| 793 0# - |
| -- |
Digitalia eBook Collection: |
| -- |
Editorial Tébar. |
| 791 2# - |
| -- |
Digitalia (Firm) |
| -- |
publisher. |
| 856 40 - ELECTRONIC LOCATION AND ACCESS |
| Materials specified |
Digitalia Hispánica |
| Uniform Resource Identifier |
<a href="https://www.digitaliapublishing.com/a/12947/">https://www.digitaliapublishing.com/a/12947/</a> |
| 910 ## - USER-OPTION DATA (OCLC) |
| User-option data |
Premium Collection: 2013 |
| 942 ## - ADDED ENTRY ELEMENTS (KOHA) |
| Koha item type |
Recurso Electrónico |